Normal view
MARC view
- Raz̤iyah Baṭ.
Entry Personal Name
001 - CONTROL NUMBER
- control field: 756
003 - CONTROL NUMBER IDENTIFIER
- control field: NUST
005 - DATE AND TIME OF LATEST TRANSACTION
- control field: 20170515163338.0
008 - FIXED-LENGTH DATA ELEMENTS
- fixed length control field: 170515|| aca||aabn | a|a d
040 ## - CATALOGING SOURCE
- Original cataloging agency: NUST
- Transcribing agency: NUST
100 ## - HEADING--PERSONAL NAME
- Personal name: Raz̤iyah Baṭ.
670 ## - SOURCE DATA FOUND
- Source citation: Work cat.: (NUST)0: Raz̤iyah Baṭ., Masarraton̲ kā shahr :, 1993.
